| 000 | 00372nam a2200145Ia 4500 | ||
|---|---|---|---|
| 008 | 230917s9999||||xx |||||||||||||| ||und|| | ||
| 040 |
_e149511 _aMAIN |
||
| 041 | _aEnglish | ||
| 082 | _a822.09 K147F | ||
| 100 | _aKarnad, Girish | ||
| 245 | 0 | _aFire and the rain: A play translated from the kannada | |
| 260 |
_aNew York _bOUP _c1998 |
||
| 300 | _a74p. p. | ||
| 942 | _cBK | ||
| 999 |
_c154592 _d154592 |
||